El imperio de las finanzas (Registro nro. 5465)

Detalles MARC
000 -LEADER
fixed length control field 01401 a2200205 4500
001 - CONTROL NUMBER
control field 54296
005 - DATE AND TIME OF LATEST TRANSACTION
control field 20260407155814.0
008 - FIXED-LENGTH DATA ELEMENTS--GENERAL INFORMATION
fixed length control field 260407a2005 arg spa d
003 - CONTROL NUMBER IDENTIFIER
control field AR-UNSa-BCEJYS
040 ## - CATALOGING SOURCE
Original cataloging agency AR-UNSa-BCEJYS
Language of cataloging spa
Transcribing agency AR-UNSa-BCEJYS
080 ## - UNIVERSAL DECIMAL CLASSIFICATION NUMBER
Universal Decimal Classification number 336.11
Common auxiliary subdivision Finanzas públicas como estudio de la gestión financiera. Teoría, métodos de las finanzas públicas en general
020 ## - INTERNATIONAL STANDARD BOOK NUMBER
International Standard Book Number 987-545-342-0
100 1# - MAIN ENTRY--PERSONAL NAME
Personal name Sevares, Julio
245 10 - TITLE STATEMENT
Title El imperio de las finanzas
Name of part/section of a work sobre las economías, las empresas y los ciudadanos
264 #1 - PRODUCTION, PUBLICATION, DISTRIBUTION, MANUFACTURE, AND COPYRIGHT NOTICE
Place of production, publication, distribution, manufacture Buenos Aires :
Name of producer, publisher, distributor, manufacturer Grupo Editorial Norma
Date of production, publication, distribution, manufacture, or copyright notice 2005
300 ## - PHYSICAL DESCRIPTION
Extent 358 p.
Dimensions 21 cm.
505 ## - FORMATTED CONTENTS NOTE
Formatted contents note 1. Bienvenidos al casino global - 2. Liberalización. desregulación, especulación - 3. Quién es quién(y qué hace cada uno) en el mercado financiero global - 5. Teorías y realidades de las finanzas globales - 6. Riesgos elevados, conductas imprudentes, redes endebles - 7. El camino de la crisis - 8. La argentina en la trampa financiera - 9. El gran trauma:La crisis asiática - 10. Volatilidad de capitales y vulnerabilidad de la periferia - 11. Las empresas como apuesta financiera - 12. Delitos globales en las finanzas globales - 13. Jubiaciones en el casino - 14. Regulando al capital financiero(O la larga lucha del dinero por su libertad - 15. Opciones para un nuevo orden fianancioero
590 ## - LOCAL NOTE (RLIN)
Local note niveau_biblio:m niveau_hierar:0
942 ## - ADDED ENTRY ELEMENTS (KOHA)
Koha item type
Existencias
Withdrawn status Lost status Damaged status Not for loan Home library Current library Shelving location Date acquired Total checkouts Full call number Barcode Date last seen Price effective from Koha item type
        Biblioteca Prof. Eusebio Cleto del Rey Biblioteca Prof. Eusebio Cleto del Rey   07/04/2026   336.11 S497 L116823 07/04/2026 07/04/2026 Libro